000 00321nam a2200133 a 4500
008 021015s1983||||xx 0 und c
040 _aSNK
_bslo
_cSNK
_eAACR2
100 1 _aMarx, Karel
245 1 0 _aManifest komunistické strany
260 _aBratislava
_c1983
_bPravda
020 _c9
041 _aslo
044 _axo
_cSK
999 _c15481
_d15481